Daily Capital City Riddle #152 - Statistics

General Stats
  • This quiz has been taken 27 times
  • The average score is 33 of 36
Answer Stats
Type Answer % Correct
Alphabet Letter A
100%
Alphabet Letter B
100%
Alphabet Letter C
100%
Alphabet Letter E
100%
Alphabet Letter I
100%
Found Letter N
100%
Found Letter O
100%
Found Letter T
100%
Alphabet Letter W
100%
Alphabet Letter D
95%
Alphabet Letter G
95%
Alphabet Letter H
95%
Alphabet Letter M
95%
Found Letter P
95%
Alphabet Letter S
95%
Alphabet Letter L
90%
Correctly Placed Letter N
90%
Found Letter R
90%
Alphabet Letter U
90%
Alphabet Letter F
85%
Alphabet Letter J
85%
Alphabet Letter K
85%
Correctly Placed Letter O
85%
Correctly Placed Letter O
85%
Correctly Placed Letter O
85%
Correctly Placed Letter O
85%
Correctly Placed Letter P
85%
Correctly Placed Letter R
85%
Found Letter V
85%
Alphabet Letter X
85%
Alphabet Letter Y
85%
Mystery Capital Porto-Novo
80%
Alphabet Letter Q
80%
Correctly Placed Letter T
80%
Correctly Placed Letter V
80%
Alphabet Letter Z
80%
No matching quizzes found
Score Distribution
Percent of People with Each Score
Percentile by Number Answered
Your Score History
You have not taken this quiz